Jednotná ustanovení o zřizovaní a činnosti mezinárodních hospodářskych organizací v členských zemích RVHP Mezinárodní hospodářská sdružení - společné podniky - mezinárodní hospodářská společenství

Guardado en:
Detalles Bibliográficos
Formato: Libro
Lenguaje:checo
Publicado: Praha Československá obchodní a průmyslová komora 1989
Etiquetas: Agregar Etiqueta
Sin Etiquetas, Sea el primero en etiquetar este registro!

MARC

LEADER 00000nam a2200000 4500
001 c033265
005 20250515081126.5
041 0 |a cze 
044 |a CZ 
245 1 0 |a Jednotná ustanovení o zřizovaní a činnosti mezinárodních hospodářskych organizací v členských zemích RVHP  |b Mezinárodní hospodářská sdružení - společné podniky - mezinárodní hospodářská společenství 
264 1 |a Praha  |b Československá obchodní a průmyslová komora  |c 1989 
300 |a 170 s.